Global challenges in integrated coastal zone management

Salvato in:
Dettagli Bibliografici
Autori principali: Moksness, Erlend (autor), Dahl, Einar (Autore), Stottrup, Josianne (Autore)
Natura: Libro
Lingua:inglese
Pubblicazione: Oxford John Wiley and Sons Ltd. 2013
Edizione:1a. ed
Soggetti:
Tags: Aggiungi Tag
Nessun Tag, puoi essere il primo ad aggiungerne!!

MARC

LEADER 00000cam a2200000 a 4500
001 UCE0802
003 CL-VaPUC
008 140307e20130000uk |||||||||||||||||eng|d
020 |a 9780470657560 
082 0 4 |a 333.917  |b MOK  |2 21 
100 |a Moksness, Erlend  |e autor  |9 573173 
700 0 |a Dahl, Einar  |e author  |9 573174 
700 0 |a Stottrup, Josianne  |e author  |9 573175 
245 1 0 |a Global challenges in integrated coastal zone management 
250 |a 1a. ed 
300 |a 247 p 
942 |c BK 
945 |d 20140307 11:03:00  |a dcastane 
260 |a Oxford  |b John Wiley and Sons Ltd.  |c 2013 
650 0 |a Zonas de pesca  |9 707857 
650 0 |a Zonas costeras  |9 350532 
650 0 |a Ecosistemas  |9 261477 
650 0 |a Ecosistemas marinos  |9 343701 
583 |a last modification  |c 20140307 11:03:00  |k Rodrigo Vera 
999 |c 354829  |d 354827 
952 |0 0  |1 0  |3 erd  |4 0  |6 333_917000000000000_MOK_2013  |7 0  |8 CCM  |9 461033  |a BIBCUR  |b BIBCUR  |i 5059860  |o 333.917 MOK 2013  |p 5059860  |r 2025-04-22  |w 2019-11-23  |y BK  |z Catalogado en:20140307  |k CIM